000 00296nam a22001337a 4500
008 190222b xxu||||| |||| 00| 0 eng d
020 _a7827
041 _aeng
080 _a910
100 _a42
101 _aGJEO
245 _aPhysical Geography: Earth Systems
_cHidore, J.J
942 _2udc
_cBK
999 _c54127
_d54127